| 000 | 00347nam a22001337a 4500 | ||
|---|---|---|---|
| 082 |
_a158 _bAPJ/M |
||
| 100 | _aAPJ ABDUL KALAM | ||
| 245 | _aMY INDIA : IDEAS FOR THE FUTURE | ||
| 246 |
_aMY INDIA : IDEAS FOR THE FUTURE _bMY INDIA : IDEAS FOR THE FUTURE |
||
| 260 |
_aHARYANA _bPENGUIN _c2015 |
||
| 300 | _a206 | ||
| 650 | _aPERSONALITY | ||
| 942 | _cBK | ||
| 999 |
_c9095 _d9095 |
||